Las teologías latinoamericanas de la liberación
Spremljeno u:
| Glavni autor: | |
|---|---|
| Format: | Knjiga |
| Jezik: | španjolski |
| Izdano: |
Madrid
Speiro
1978
|
| Teme: | |
| Oznake: |
Dodaj oznaku
Bez oznaka, Budi prvi tko označuje ovaj zapis!
|
MARC
| LEADER | 00000nam a2200000 a 4500 | ||
|---|---|---|---|
| 001 | UCX7405 | ||
| 003 | CL-VaPUC | ||
| 008 | 931209e19780000SP |||||||||||||||||spa|d | ||
| 082 | 0 | 4 | |a 261.8 |b POR |2 21 |
| 100 | 0 | |a Poradowski, Miguel |e author |9 324235 | |
| 245 | 1 | 4 | |a Las teologías latinoamericanas de la liberación |
| 300 | |a 24 p | ||
| 942 | |c BK | ||
| 945 | |d 19931209 00:00:00 |a aalvarez | ||
| 260 | |a Madrid |b Speiro |c 1978 | ||
| 650 | 0 | |a Teología de la liberación |9 255471 | |
| 583 | |a last modification |c 19931209 00:00:00 |k Rodrigo Vera | ||
| 999 | |c 227227 |d 227225 | ||
| 952 | |0 0 |1 0 |4 0 |6 261_800000000000000_POR_1978 |7 0 |8 A |9 226102 |a BIBHIS |b BIBHIS |d 2019-11-15 |i 2946610 |o 261.8 POR 1978 |p 2946610 |r 2025-01-20 |w 2019-11-15 |y BK |k HIS | ||
| 952 | |0 0 |1 0 |4 0 |6 261_800000000000000_POR_1978 |7 0 |8 A |9 226103 |a BIBHIS |b BIBHIS |d 2019-11-15 |i 2946629 |o 261.8 POR 1978 |p 2946629 |r 2025-01-20 |w 2019-11-15 |y BK |k HIS | ||